| 000 | 00619nam a2200205 a 4500 | ||
|---|---|---|---|
| 001 | BRCA_6838 | ||
| 005 | 20190320205619.0 | ||
| 008 | 081111s2010----mx-a######---#000-0#spa-# | ||
| 020 | _a9786079513733 | ||
| 041 | _aspaeng | ||
| 044 | _amx | ||
| 050 | 4 |
_aNK8914 _b.S27 2010 |
|
| 245 | 1 | 0 |
_aSarapes nacionalistas _ctexto y traducción Marta Turok. |
| 260 |
_aMéxico _bMuseo de Historia Mexicana : Instituto Coahuilense de Cultura _c2010 |
||
| 300 |
_a45 p. _bil. a color _c23 cm. |
||
| 546 | _aTexto en: español e inglés | ||
| 650 | 1 | 4 |
_aSarapes _zMéxico _94390 |
| 700 | 1 |
_aTurok, Marta _etr. _917056 |
|
| 942 |
_2lcc _cB |
||
| 999 |
_c6521 _d6521 |
||